Les 20 ... Joueurs de football 80's - Statistiques

Statistiques générales
  • Ce quiz a été pris 95 fois
  • Le résultat moyen est 9 sur 16
Statistiques - réponses
Par images Réponse % Correct
Michel Platini
100%
Diego Maradona
96%
Ruud Gullit
88%
Marco Van Basten
85%
Ronald Koeman
79%
Rudolf "Rudy" Völler
67%
Alain Giresse
57%
Jean Tigana
52%
Zico
52%
Michael Laudrup
51%
Kenny Dalglish
30%
Karl-Heinz Rummenigge
27%
Gary Lineker
26%
Paolo Rossi
23%
Gheorghe Hagi
21%
Paul Breitner
13%
Aucun quiz correspondant
Distribution des résultats
% des personnes avec chaque résultat
Percentile par nombre de réponses
Votre historique - résultats
Vous n’avez pas pris ce quiz